[Event "25th Czech Open A 2014"]
[Site "Pardubice CZE"]
[Date "2014.07.25"]
[Round "8.28"]
[White "Vetoshko, Volodymyr"]
[Black "Rojicek, Vojtech"]
[Result "1-0"]
[WhiteTitle "FM"]
[BlackTitle "IM"]
[WhiteElo "2338"]
[BlackElo "2433"]
[WhiteFideId "14122480"]
[BlackFideId "319902"]
[EventDate "2014.07.18"]

1. e4 c6 2. d4 d5 3. e5 Bf5 4. Nd2 e6 5. Nb3 Nd7 6. Nf3 Ne7 7. Be2 h6 8. O-O g5
9. Ne1 Qc7 10. f4 c5 11. fxg5 c4 12. Nd2 hxg5 13. g4 Be4 14. Bxc4 Nxe5 15. dxe5
Qb6+ 16. Rf2 Ng6 17. Nxe4 dxe4 18. Ng2 Bc5 19. Qe2 Nxe5 20. Be3 Rh3 21. Bxc5
Qxc5 22. Qxe4 Nf3+ 23. Kf1 O-O-O 24. Rxf3 Rd4 25. Bxe6+ Kd8 26. Qxd4+ Qxd4 27.
Rxh3 Qf6+ 28. Bf5 1-0

[Event "25th Czech Open A 2014"]
[Site "Pardubice CZE"]
[Date "2014.07.25"]
[Round "8.29"]
[White "Zubritskiy, Artyom"]
[Black "Roeder, Matthias"]
[Result "1/2-1/2"]
[BlackTitle "IM"]
[WhiteElo "2335"]
[BlackElo "2423"]
[WhiteFideId "4181247"]
[BlackFideId "4600223"]
[EventDate "2014.07.18"]

1. d4 Nf6 2. c4 e6 3. g3 Bb4+ 4. Bd2 Be7 5. Bg2 d5 6. Nf3 O-O 7. O-O c6 8. Qc2
Nbd7 9. Bf4 a5 10. Rd1 h6 11. Ne5 g5 12. Bd2 Nxe5 13. dxe5 Ng4 14. Bc3 Qc7 15.
cxd5 cxd5 16. Na3 Bd7 17. Bd4 Qxc2 18. Nxc2 Rac8 19. Rac1 f6 20. exf6 Bxf6 21.
Bxf6 Nxf6 22. Ne3 Kf7 23. Rxc8 Rxc8 24. f4 gxf4 25. gxf4 Ke7 26. f5 exf5 27.
Nxd5+ Nxd5 28. Rxd5 Rg8 29. Rd3 Bc6 30. Rg3 Rxg3 31. hxg3 Bxg2 32. Kxg2 Kf6 33.
a4 Kg5 1/2-1/2

[Event "25th Czech Open A 2014"]
[Site "Pardubice CZE"]
[Date "2014.07.25"]
[Round "8.30"]
[White "Kozlitin, Oleg"]
[Black "D'Costa, Lorin A R"]
[Result "1-0"]
[WhiteTitle "IM"]
[BlackTitle "IM"]
[WhiteElo "2331"]
[BlackElo "2421"]
[WhiteFideId "4143590"]
[BlackFideId "409219"]
[EventDate "2014.07.18"]

1. e4 c6 2. d4 d5 3. e5 Bf5 4. Nd2 e6 5. Nb3 Nd7 6. Nf3 h6 7. Be2 Ne7 8. O-O Bh7
9. a4 Ng6 10. a5 a6 11. Bd2 Be7 12. c4 O-O 13. cxd5 cxd5 14. Ne1 Rc8 15. f4 Nb8
16. Nd3 Nc6 17. Bc3 Rc7 18. g3 Re8 19. Nbc5 Nf8 20. b4 Nd7 21. Nf2 Qc8 22. Qd2
Nxc5 23. bxc5 f5 24. h4 Bd8 25. h5 Kh8 26. Kg2 Bg8 27. Nd1 Bf7 28. Nb2 Rg8 29.
Rh1 Be8 30. Na4 Rf7 31. Nb6 Qb8 32. Rag1 Na7 33. Bd3 Bb5 34. Bb1 Nc6 35. Kf2 Ne7
36. Ke1 Bc7 37. Kd1 Qe8 38. Kc1 Bxb6 39. axb6 Bc4 40. Rg2 Qb5 41. Qe3 Qe8 42.
Rb2 Rgf8 43. Be1 Rg8 44. Qc3 Bb5 45. Ba2 Qd7 46. Rbh2 Rc8 47. Kb2 Be2 48. Ka3
Qb5 49. Bb3 Qd3 50. Qxd3 Bxd3 51. Bd1 Nc6 52. Bc3 Be4 53. Re1 Rcf8 54. Re3 Rc8
55. Kb2 Rd8 56. Kc1 Rc8 57. Kd2 Ne7 58. Re1 Nc6 59. Ke3 Rcf8 60. Rb2 Rc8 61. Be2
Nb8 62. Bf1 Rg8 63. Ra1 Kh7 64. Be1 Rc8 65. Rc1 Kh8 66. Rb3 Kh7 67. c6 Nxc6 68.
Rbc3 Ra8 69. Rxc6 bxc6 70. Ba5 Rc8 71. Rc5 Bb1 72. Bxa6 Ra8 73. b7 Rb8 74. Rxc6
Rfxb7 75. Bxb7 Rxb7 76. Rxe6 Rb3+ 77. Kf2 Be4 78. Rd6 Bf3 79. e6 Bxh5 80. Rxd5
Rf3+ 81. Kg2 Re3 82. Rd6 Re2+ 83. Kf1 Bf3 84. d5 Kg6 85. Rd7 Kh5 86. Be1 g5 87.
e7 Kg4 88. d6 Re6 89. Rc7 Kh3 90. d7 Bg2+ 91. Kf2 gxf4 92. gxf4 1-0

[Event "25th Czech Open A 2014"]
[Site "Pardubice CZE"]
[Date "2014.07.25"]
[Round "8.31"]
[White "Rjabzev, Konstantin"]
[Black "Sundararajan, Kidambi"]
[Result "0-1"]
[WhiteTitle "IM"]
[BlackTitle "GM"]
[WhiteElo "2308"]
[BlackElo "2414"]
[WhiteFideId "4150015"]
[BlackFideId "5005370"]
[EventDate "2014.07.18"]

1. e4 c6 2. d4 d5 3. exd5 cxd5 4. c4 Nf6 5. Nc3 e6 6. Nf3 Bb4 7. Bd3 dxc4 8.
Bxc4 O-O 9. O-O Nc6 10. a3 Be7 11. Re1 b6 12. d5 exd5 13. Nxd5 Nxd5 14. Bxd5 Bb7
15. Bf4 Bf6 16. Re2 Qd7 17. Ne5 Bxe5 18. Bxe5 Rad8 19. Bb3 Qg4 20. Qf1 Ba6 21.
f3 Qf5 22. Bc3 Bxe2 23. Qxe2 Nd4 24. Bxd4 Rxd4 25. Rc1 Qd3 26. Qxd3 Rxd3 27. Bc4
Rd2 28. b3 Rfd8 29. Rc3 Ra2 0-1

[Event "25th Czech Open A 2014"]
[Site "Pardubice CZE"]
[Date "2014.07.25"]
[Round "8.32"]
[White "Constantinou, Peter"]
[Black "Shalimov, Valery"]
[Result "1-0"]
[WhiteTitle "FM"]
[BlackTitle "IM"]
[WhiteElo "2285"]
[BlackElo "2412"]
[WhiteFideId "413038"]
[BlackFideId "14104881"]
[EventDate "2014.07.18"]

1. d4 e6 2. Nf3 c5 3. c3 Nf6 4. Bg5 cxd4 5. cxd4 h6 6. Bxf6 Qxf6 7. Nc3 d5 8. e3
Bd6 9. Bd3 Nc6 10. O-O O-O 11. a3 Rd8 12. b4 Bd7 13. Qb3 Rac8 14. Rfc1 g5 15.
Rc2 Kg7 16. Rac1 g4 17. Nd2 h5 18. Na4 h4 19. Nc5 Bxc5 20. Rxc5 Rh8 21. Qd1 Qg5
22. Ne4 Qh5 23. Nd6 b6 24. R5c3 Rcd8 25. Rxc6 Bxc6 26. Rxc6 Qg5 27. Qc1 Rh6 28.
Nb5 g3 29. fxg3 hxg3 30. h3 Rdh8 31. Rc7 a5 32. Nd6 Rf6 33. Bb5 Rf2 34. Be8 Qh4
35. Bxf7 Rxg2+ 36. Kxg2 Qxh3+ 37. Kf3 g2+ 38. Kf2 Qh4+ 39. Ke2 Qh2 40. Be8+ Kf8
41. Rf7+ Kg8 42. Rg7+ Kf8 43. Kd3 Rh7 44. Rg4 Qh1 45. Rf4+ Kg8 46. Bf7+ Kg7 47.
Rg4+ 1-0

[Event "25th Czech Open A 2014"]
[Site "Pardubice CZE"]
[Date "2014.07.25"]
[Round "8.33"]
[White "Potapov, Pavel"]
[Black "Shevchenko, Kirill"]
[Result "1-0"]
[WhiteTitle "IM"]
[BlackTitle "CM"]
[WhiteElo "2482"]
[BlackElo "2100"]
[WhiteFideId "4169786"]
[BlackFideId "14129574"]
[EventDate "2014.07.18"]

1. e4 c5 2. c3 Nf6 3. e5 Nd5 4. Bc4 Nb6 5. Bb3 Nc6 6. Nf3 c4 7. Bc2 Qc7 8. Qe2
g5 9. h3 Bg7 10. O-O Nxe5 11. Nxg5 d5 12. Re1 h6 13. Nf3 Nd3 14. Bxd3 cxd3 15.
Qxd3 Bd7 16. Qe2 e6 17. d4 O-O-O 18. b3 Rhe8 19. Ne5 Bxe5 20. Qxe5 Qxe5 21. Rxe5
f6 22. Rh5 e5 23. Be3 exd4 24. cxd4 f5 25. Nd2 Re6 26. Rxh6 Rxh6 27. Bxh6 Bb5
28. Bf4 Kd7 29. Nf3 Rc8 30. a4 Be2 31. a5 Na8 32. Ne5+ Ke6 33. Re1 Rc2 34. Nd3
Kf7 35. Nb4 Rb2 36. Nxd5 b6 37. a6 b5 38. Bc1 Rc2 39. Nf4 1-0

[Event "25th Czech Open A 2014"]
[Site "Pardubice CZE"]
[Date "2014.07.25"]
[Round "8.34"]
[White "Bryzgalin, Kirill"]
[Black "Sabuk, Piotr"]
[Result "1/2-1/2"]
[WhiteTitle "GM"]
[WhiteElo "2460"]
[BlackElo "2336"]
[WhiteFideId "4133285"]
[BlackFideId "1137565"]
[EventDate "2014.07.18"]

1. c4 e6 2. Nc3 d5 3. d4 Be7 4. Bf4 Nf6 5. e3 O-O 6. Rc1 Nbd7 7. Nf3 c5 8. dxc5
Nxc5 9. a3 Nce4 10. Bd3 Nxc3 11. Rxc3 dxc4 12. Bxc4 Qxd1+ 13. Kxd1 Rd8+ 14. Ke2
Bd7 15. Ne5 Be8 16. Rhc1 Ne4 17. R3c2 Ba4 18. b3 Be8 19. Bd3 Nf6 20. a4 Nd5 21.
Be4 f6 22. Nd3 Bc6 23. f3 Kf7 24. Bg3 Rac8 25. Bxd5 1/2-1/2

[Event "25th Czech Open A 2014"]
[Site "Pardubice CZE"]
[Date "2014.07.25"]
[Round "8.35"]
[White "Chandra, Akshat"]
[Black "Rozhkov, Viacheslav"]
[Result "1-0"]
[WhiteTitle "IM"]
[BlackTitle "FM"]
[WhiteElo "2442"]
[BlackElo "2327"]
[WhiteFideId "25006711"]
[BlackFideId "4181484"]
[EventDate "2014.07.18"]

1. d4 d5 2. c4 dxc4 3. Nf3 Nf6 4. e3 e6 5. Bxc4 a6 6. O-O c5 7. Bb3 Be7 8. Nc3
b5 9. Qe2 Bb7 10. Rd1 Qc7 11. dxc5 Nbd7 12. e4 Bxc5 13. Bg5 O-O 14. Rac1 Rac8
15. Ne1 Qb8 16. Bxf6 Nxf6 17. e5 Nd5 18. Nxd5 exd5 19. Nd3 Ba7 20. Qf3 Rc4 21.
Qf5 Re4 22. Qd7 Rd8 23. Qc7 Qa8 24. h3 h6 25. Re1 Rc8 26. Qd7 Rd8 27. Qc7 Rc8
28. Qd7 Rd8 29. Qf5 Bc8 30. Qh5 Be6 31. Rxe4 dxe4 32. Bxe6 fxe6 33. Rc7 Kh8 34.
Qf7 1-0

[Event "25th Czech Open A 2014"]
[Site "Pardubice CZE"]
[Date "2014.07.25"]
[Round "8.36"]
[White "Tesik, Csaba"]
[Black "Gordievsky, Dmitry"]
[Result "0-1"]
[WhiteTitle "FM"]
[BlackTitle "FM"]
[WhiteElo "2324"]
[BlackElo "2439"]
[WhiteFideId "735582"]
[BlackFideId "24112798"]
[EventDate "2014.07.18"]

1. e4 e5 2. Nf3 Nc6 3. Bb5 Nf6 4. d3 d6 5. O-O Be7 6. c3 O-O 7. Nbd2 Nd7 8. Re1
Bf6 9. Nf1 Nb6 10. h3 a6 11. Bxc6 bxc6 12. d4 exd4 13. cxd4 Re8 14. Ng3 Be6 15.
Be3 Nc4 16. b3 Nxe3 17. fxe3 g6 18. Rc1 Bd7 19. Qc2 Qe7 20. e5 dxe5 21. Ne4 Bg7
22. dxe5 Bxe5 23. Nxe5 Qxe5 24. Nc5 Rad8 25. Nxd7 Rxd7 26. Qxc6 Rd2 27. Rc5 Qe7
28. Qxc7 Qe4 29. Qg3 Rxa2 30. Rf1 Rd8 31. Rf2 Rxf2 32. Qxf2 Rd3 33. Rc8+ Kg7 34.
Qb2+ Kh6 35. Rc1 Qxe3+ 36. Kh1 Rxb3 37. Qa1 Qe4 38. Kg1 Re3 39. Qf6 Re2 40. Qf1
Rxg2+ 41. Qxg2 Qe3+ 42. Qf2 Qxc1+ 43. Kh2 Qc7+ 44. Kg1 Kg7 45. Qb2+ f6 46. Kg2
a5 47. Qb5 Qa7 48. Qa4 Qb7+ 49. Kh2 Qb2+ 50. Kh1 Qb4 51. Qd7+ Kh6 52. Qc7 Qe4+
53. Kg1 Qe3+ 54. Kg2 a4 55. Qc6 f5 0-1

[Event "25th Czech Open A 2014"]
[Site "Pardubice CZE"]
[Date "2014.07.25"]
[Round "8.37"]
[White "Nagy, Gabor1"]
[Black "Krapivin, Vladislav"]
[Result "1-0"]
[WhiteTitle "IM"]
[BlackTitle "IM"]
[WhiteElo "2434"]
[BlackElo "2321"]
[WhiteFideId "737119"]
[BlackFideId "4126149"]
[EventDate "2014.07.18"]

1. Nf3 Nf6 2. d4 d6 3. c4 Nbd7 4. g3 c6 5. Bg2 e5 6. Nc3 Be7 7. e4 a6 8. O-O O-O
9. h3 b5 10. c5 dxc5 11. dxe5 Ne8 12. a4 Nc7 13. Qc2 c4 14. Rd1 Qe8 15. Be3 Bb4
16. Ne2 Nxe5 17. Nxe5 Qxe5 18. Bf4 Qe7 19. Nd4 Ne6 20. Nxc6 Qc5 21. Bd6 Qxc6 22.
e5 Qxg2+ 23. Kxg2 Bb7+ 24. Kf1 Bxd6 25. Rxd6 Nc5 26. axb5 axb5 27. Rxa8 Bxa8 28.
Qd1 Be4 29. Qd4 Bd3+ 30. Kg2 Ne6 31. Qe3 b4 32. Rxd3 cxd3 33. Qxd3 Rb8 34. Qd6
Rb5 35. b3 h5 36. f4 g6 37. Kf3 Kg7 38. g4 hxg4+ 39. hxg4 Rc5 40. f5 Rc3+ 41.
Kf2 Nc5 42. f6+ Kh6 43. Qd2+ Kh7 44. Qd8 Kh6 45. Ke2 Kg5 46. Qd4 Nxb3 47. Qxb4
Rh3 48. Kf2 Rd3 49. e6 Nd4 50. e7 Kh4 51. e8=Q Rf3+ 52. Ke1 Nc2+ 53. Ke2 1-0

[Event "25th Czech Open A 2014"]
[Site "Pardubice CZE"]
[Date "2014.07.25"]
[Round "8.38"]
[White "Kohlweyer, Bernd"]
[Black "Braeuer, Franz"]
[Result "1/2-1/2"]
[WhiteTitle "IM"]
[WhiteElo "2422"]
[BlackElo "2317"]
[WhiteFideId "4600622"]
[BlackFideId "24634468"]
[EventDate "2014.07.18"]

1. d4 Nf6 2. c4 e6 3. Nc3 Bb4 4. Nf3 b6 5. Bg5 Bb7 6. Nd2 h6 7. Bh4 Nc6 8. e3
Ne7 9. Bxf6 gxf6 10. Qb3 a5 11. a3 a4 12. Qc2 Bxc3 13. Qxc3 f5 14. d5 Ng6 15.
Be2 Qe7 16. Bf3 O-O-O 17. g3 f4 18. d6 Qxd6 19. Bxb7+ Kxb7 20. exf4 Qc6 21.
O-O-O d5 22. cxd5 Rxd5 23. Qxc6+ Kxc6 24. Ne4 Ne7 25. Nf6 Rxd1+ 26. Rxd1 Nd5 27.
Ng4 f6 28. Re1 Kd6 29. Rd1 Kc6 30. Re1 Kd6 31. Rd1 Kc5 32. h4 h5 33. Nh2 Kd6 34.
Nf1 c6 35. Nd2 Rc8 36. Kc2 Rc7 1/2-1/2

[Event "25th Czech Open A 2014"]
[Site "Pardubice CZE"]
[Date "2014.07.25"]
[Round "8.39"]
[White "Glantz, Robert"]
[Black "Berchtenbreiter, Maximilian"]
[Result "1/2-1/2"]
[WhiteTitle "FM"]
[BlackTitle "IM"]
[WhiteElo "2317"]
[BlackElo "2419"]
[WhiteFideId "24629596"]
[BlackFideId "24641120"]
[EventDate "2014.07.18"]

1. c4 a6 2. g3 b5 3. Bg2 c6 4. b3 Nf6 5. Nf3 g6 6. Bb2 Bg7 7. e4 O-O 8. e5 Ne8
9. O-O c5 10. d4 bxc4 11. dxc5 cxb3 12. axb3 Bb7 13. Nbd2 Bd5 14. Nc4 Bxc4 15.
bxc4 Ra7 16. Qd2 Nc7 17. Ng5 Qc8 18. f4 Nc6 19. Bc3 a5 20. Bxa5 Nxa5 21. Rxa5
Qb8 22. Be4 Rxa5 23. Qxa5 Qb2 24. Qxc7 Qd4+ 25. Kg2 h6 26. Nf3 Qxe4 27. Qxd7
Qxc4 28. c6 g5 29. c7 e6 30. h3 Kh7 31. fxg5 hxg5 32. Nxg5+ Kg6 33. Nf3 Bh6 34.
Qe7 Be3 35. Qf6+ Kh7 36. Qh4+ Qxh4 37. Nxh4 Kg7 38. Kf3 Bb6 39. Rc1 Rc8 40. Rc6
Bxc7 41. Ke4 Kf8 42. Nf3 Ke7 43. Ng5 Kd7 44. Rc3 Rf8 45. Rf3 Ke7 46. Rf6 Ba5 47.
h4 Be1 48. Kf3 Bc3 49. Ke4 Be1 50. Kf4 Bd2+ 51. Kg4 Bc3 52. Kf4 Bd2+ 53. Ke4
Bxg5 54. hxg5 Ra8 55. g6 Ra4+ 56. Kf3 fxg6 57. Rxg6 Kf7 58. Rh6 Ra5 59. Kf4 Rb5
60. g4 Ra5 61. Rh7+ Kg6 62. Re7 Ra4+ 63. Kf3 Ra3+ 64. Kf4 Ra4+ 65. Kg3 Kg5 66.
Rg7+ Kh6 67. Re7 Kg5 68. Kf3 Ra3+ 69. Ke4 Ra4+ 70. Kd3 Kxg4 71. Rxe6 Kf5 72. Re8
Rh4 73. e6 Kf6 74. Ke3 Ra4 75. Kf3 Ra6 76. e7 Kf7 77. Rh8 1/2-1/2

[Event "25th Czech Open A 2014"]
[Site "Pardubice CZE"]
[Date "2014.07.25"]
[Round "8.40"]
[White "Nemcova, Katerina"]
[Black "Nakar, Eylon"]
[Result "0-1"]
[WhiteTitle "WGM"]
[BlackTitle "IM"]
[WhiteElo "2314"]
[BlackElo "2419"]
[WhiteFideId "322750"]
[BlackFideId "2811111"]
[EventDate "2014.07.18"]

1. e4 c5 2. Nf3 d6 3. d4 cxd4 4. Qxd4 Nc6 5. Bb5 Bd7 6. Qd3 g6 7. c4 Bg7 8. O-O
Nf6 9. Nc3 O-O 10. h3 Rc8 11. Be3 a6 12. Bxc6 Rxc6 13. Rac1 Qa5 14. Bd2 Qb6 15.
b3 Rfc8 16. Rfe1 Qd8 17. Nd4 Rc5 18. Be3 Rb8 19. a4 Rcc8 20. Red1 Bc6 21. b4 Nd7
22. a5 e6 23. Qe2 Nf8 24. Qd2 Be8 25. Qa2 Qe7 26. Nde2 Nd7 27. Na4 Rd8 28. Qb3
Nf6 29. f3 Bxa4 30. Qxa4 Rbc8 31. Bb6 Re8 32. Bf2 d5 33. cxd5 Rxc1 34. Nxc1 exd5
35. exd5 Rd8 36. Qb3 Qe5 37. b5 Rxd5 38. Rxd5 Nxd5 39. bxa6 bxa6 40. Nd3 Qa1+
41. Be1 Bd4+ 42. Kh2 Ne3 43. g3 h5 44. h4 Kg7 45. Kh3 Bf6 46. Qb6 Nc2 47. Qf2
Qd1 48. Qd2 Qxf3 49. Qxc2 Qh1+ 50. Qh2 Qf1+ 51. Qg2 Qxd3 52. Kh2 Be5 53. Qf2 Qe4 0-1

[Event "25th Czech Open A 2014"]
[Site "Pardubice CZE"]
[Date "2014.07.25"]
[Round "8.41"]
[White "Westerberg, Jonathan"]
[Black "Tokranovs, Dmitrijs"]
[Result "0-1"]
[WhiteTitle "FM"]
[WhiteElo "2412"]
[BlackElo "2297"]
[WhiteFideId "1701754"]
[BlackFideId "11603011"]
[EventDate "2014.07.18"]

1. e4 d5 2. exd5 Nf6 3. d4 Nxd5 4. c4 Nf6 5. Nc3 e5 6. Nf3 exd4 7. Qxd4 Qxd4 8.
Nxd4 c6 9. Be2 Nbd7 10. O-O Bc5 11. Nf5 O-O 12. Bf4 Re8 13. Nd6 Re6 14. Rad1 Bb4
15. Rfe1 Ne5 16. Nde4 Ng6 17. Nxf6+ Rxf6 18. Rd8+ Nf8 19. Be5 Re6 20. f4 Ba5 21.
Red1 f6 22. Bg4 Bxd8 23. Rxd8 Kf7 24. Bd4 Ke7 25. Rxc8 Rxc8 26. Bxa7 Rd8 27.
Bc5+ Kf7 28. Bxe6+ Nxe6 29. Be3 g5 30. fxg5 fxg5 31. Kf2 Kg6 32. b4 Rd3 33. Nb1
Nd4 34. Bd2 Nc2 35. c5 Rd4 36. a3 Nxa3 37. Be3 Rd3 38. Nd2 Nc2 39. Nc4 Nxe3 40.
Ne5+ Kf5 41. Nxd3 Ke4 42. Nb2 Kd4 43. Na4 Nd5 44. Kf3 Kc4 45. Nb2+ Kxb4 46. Kg4
Ne3+ 47. Kxg5 Nxg2 48. Kh6 Kxc5 49. Nd3+ Kd4 50. Nc1 b5 51. Kxh7 c5 52. Kg6 c4
53. Na2 c3 54. Kg5 c2 55. Kg4 b4 56. Nc1 Kc4 0-1

[Event "25th Czech Open A 2014"]
[Site "Pardubice CZE"]
[Date "2014.07.25"]
[Round "8.42"]
[White "Vyskocil, Neklan"]
[Black "Kutynec, Vladimir"]
[Result "1-0"]
[WhiteTitle "IM"]
[BlackTitle "IM"]
[WhiteElo "2407"]
[BlackElo "2305"]
[WhiteFideId "307106"]
[BlackFideId "4119843"]
[EventDate "2014.07.18"]

1. d4 d5 2. c4 Bf5 3. cxd5 Nf6 4. Qa4+ c6 5. Nc3 Nxd5 6. Nf3 e6 7. Bd2 Nd7 8. e3
Bd6 9. Be2 O-O 10. O-O Re8 11. Rac1 N7f6 12. Ne5 Nxc3 13. Bxc3 Nd5 14. Qb3 Nxc3
15. Qxc3 Rc8 16. Bf3 Qg5 17. g3 h5 18. Bg2 f6 19. Nc4 Bb8 20. e4 Bg6 21. h4 Qb5
22. e5 fxe5 23. dxe5 Red8 24. Rfd1 Rd5 25. Nd6 Bxd6 26. Bxd5 exd5 27. exd6 Rd8
28. Qe5 Qb4 29. Qe7 Re8 30. Qc7 Rf8 31. d7 Qxb2 32. Rf1 Qb6 33. Qd6 Bd3 34. Qe6+
Kh7 35. Qe7 Qd8 36. Rfe1 Be4 37. Rxe4 dxe4 38. Qxe4+ g6 39. Rd1 Qf6 40. Qe3 b6
41. Rd2 Qd8 42. Qe6 Kg7 43. Rd6 Rf7 44. Qxg6+ Kf8 45. Qg5 1-0

[Event "25th Czech Open A 2014"]
[Site "Pardubice CZE"]
[Date "2014.07.25"]
[Round "8.43"]
[White "Nayhebaver, Martin"]
[Black "Farid, Firman Syah"]
[Result "1/2-1/2"]
[BlackTitle "IM"]
[WhiteElo "2307"]
[BlackElo "2401"]
[WhiteFideId "14923432"]
[BlackFideId "7102526"]
[EventDate "2014.07.18"]

1. e4 e5 2. Nf3 Nc6 3. Bb5 a6 4. Ba4 Nf6 5. O-O b5 6. Bb3 Bc5 7. c3 d6 8. d4 Bb6
9. h3 Bb7 10. Re1 h6 11. Be3 O-O 12. Nbd2 Re8 13. d5 Ne7 14. Bxb6 cxb6 15. Bc2
Ng6 16. Bd3 Nd7 17. Bf1 Rc8 18. c4 b4 19. a3 bxa3 20. Rxa3 a5 21. Qb1 Ra8 22. b4
Qc7 23. c5 dxc5 24. bxa5 bxa5 25. Bb5 Reb8 26. Bxd7 Qxd7 27. Qa1 f5 28. exf5
Qxf5 29. Nxe5 Bxd5 30. Rg3 Nxe5 31. Rxe5 Qf6 32. Qc3 a4 33. Rxd5 Qxc3 34. Rxc3
a3 35. Rxa3 Rxa3 36. Rxc5 Ra1+ 37. Kh2 Re8 38. Rf5 g6 39. Rf4 Kg7 40. Rf3 Re2
41. Nc4 h5 42. Ne3 Rb1 43. h4 Rb4 44. g3 Rd4 45. Kg2 Ra2 46. Kg1 Ra1+ 47. Kh2
Rb1 48. Kg2 Rc1 49. Kh2 Rd6 50. Kg2 Rd4 51. Kh2 Ra4 52. Kg2 Rc6 53. Kh2 Rf6 54.
Kg2 Rxf3 55. Kxf3 Kf6 56. Nd5+ Ke6 57. Nf4+ Kf5 58. Ke3 Ra3+ 59. Ke2 Rb3 60. Kf1
Rb6 61. Kg2 Ke4 62. Nh3 Rf6 63. Ng5+ Kd3 64. Nf3 Rf5 65. Ng1 Rf6 66. Nf3 Rd6 67.
Ne5+ Ke2 68. Nf3 Kd3 69. Ne5+ 1/2-1/2

[Event "25th Czech Open A 2014"]
[Site "Pardubice CZE"]
[Date "2014.07.25"]
[Round "8.44"]
[White "Saiyn, Zhanat"]
[Black "Spalir, Jernej"]
[Result "1/2-1/2"]
[WhiteTitle "FM"]
[BlackTitle "FM"]
[WhiteElo "2399"]
[BlackElo "2289"]
[WhiteFideId "13703820"]
[BlackFideId "14606518"]
[EventDate "2014.07.18"]

1. d4 d5 2. c4 c6 3. Nf3 Nf6 4. e3 e6 5. Nc3 Nbd7 6. Bd3 dxc4 7. Bxc4 b5 8. Bd3
Bb7 9. O-O a6 10. a4 b4 11. Ne4 c5 12. Nxf6+ Nxf6 13. dxc5 Bxc5 14. Qe2 O-O 15.
e4 h6 16. e5 Nd7 17. Bf4 Qe7 18. Rac1 Rfd8 19. Bb1 Rac8 20. Bg3 Nf8 21. Nd2 Qg5
22. Rcd1 Ng6 23. Ne4 Bxe4 24. Bxe4 h5 25. Bxg6 Qxg6 26. Kh1 b3 27. Rc1 Bd4 28.
Bh4 Re8 29. Rc4 Rxc4 30. Qxc4 Qe4 31. Rd1 Qxh4 32. Qxd4 Qxd4 33. Rxd4 Rc8 34. g3
Rc2 35. Kg2 Rxb2 36. Rd6 Re2 37. Rxa6 Rxe5 38. Rb6 Ra5 39. Rxb3 Rxa4 40. h4 e5
41. Rb5 f6 42. Rb7 Kh7 43. Rc7 Kh6 44. Rc6 Ra7 45. Rb6 Kg6 46. Rb8 Kf5 47. Rh8
g6 48. Rb8 Ra6 49. Rb5 g5 50. hxg5 fxg5 51. Rb4 Ra2 52. Rc4 Rd2 53. Ra4 Rd4 54.
Ra3 e4 55. Ra7 e3 56. Rf7+ Kg6 57. Rf3 e2 58. Re3 Rd2 59. Kf3 g4+ 60. Kg2 Kf6
61. Re8 Kf5 62. Re7 Kf6 1/2-1/2

[Event "25th Czech Open A 2014"]
[Site "Pardubice CZE"]
[Date "2014.07.25"]
[Round "8.45"]
[White "Lokander, Martin"]
[Black "Jasny, Stanislav"]
[Result "1/2-1/2"]
[WhiteTitle "FM"]
[BlackTitle "IM"]
[WhiteElo "2309"]
[BlackElo "2385"]
[WhiteFideId "1709569"]
[BlackFideId "311030"]
[EventDate "2014.07.18"]

1. d4 d5 2. c4 e6 3. Nc3 Nf6 4. Nf3 Be7 5. Bf4 O-O 6. e3 c5 7. dxc5 Bxc5 8. cxd5
Nxd5 9. Nxd5 exd5 10. Be2 Qa5+ 11. Nd2 d4 12. e4 Qd8 13. Bd3 Nc6 14. O-O Nb4 15.
Bb1 Be6 16. a3 Nc6 17. Qh5 Be7 18. Bd3 Qd7 19. h3 g6 20. Qe2 f6 21. Bh6 Rfe8 22.
f4 Bf8 23. Bxf8 Rxf8 24. Rad1 Rae8 25. Qf2 f5 26. e5 a6 27. Bc4 Rd8 28. Bxe6+
Qxe6 29. Nf3 d3 30. Rd2 Qc4 31. Qe3 Nd4 32. Nxd4 Rxd4 33. Rfd1 Rfd8 34. e6 Re4
35. e7 Re8 36. Qxd3 Qxd3 37. Rxd3 R8xe7 38. Rd4 Kf7 39. Rxe4 Rxe4 40. Rd7+ Re7
41. Rd6 Rc7 42. Rb6 Ke7 43. h4 Kf7 44. h5 Kg7 45. hxg6 hxg6 46. Kh2 Kh6 47. Kh3
Kh5 48. g3 Rd7 49. a4 g5 50. Rf6 Rd5 51. Rxf5 Rxf5 52. g4+ Kg6 53. gxf5+ Kxf5
54. fxg5 Kxg5 55. Kg3 Kf5 56. Kf3 Ke5 57. Ke3 Kd5 58. Kd3 Kc5 59. Kc3 a5 60. b3
b6 61. b4+ Kd5 62. bxa5 bxa5 63. Kd3 Kc5 64. Kc3 Kd5 65. Kd3 1/2-1/2

[Event "25th Czech Open A 2014"]
[Site "Pardubice CZE"]
[Date "2014.07.25"]
[Round "8.46"]
[White "Villegas, Pierre"]
[Black "Repka, Christopher"]
[Result "1/2-1/2"]
[WhiteTitle "FM"]
[WhiteElo "2291"]
[BlackElo "2380"]
[WhiteFideId "654183"]
[BlackFideId "14918781"]
[EventDate "2014.07.18"]

1. d4 e6 2. c4 Nf6 3. Nc3 Bb4 4. e3 O-O 5. Ne2 d5 6. a3 Bd6 7. Ng3 c5 8. dxc5
Bxc5 9. cxd5 exd5 10. b4 d4 11. bxc5 dxc3 12. Qb3 Qa5 13. Ne2 Na6 14. Qxc3 Qxc3+
15. Nxc3 Nxc5 16. Bb2 Bf5 17. Rd1 Rfd8 18. f3 Bc2 19. Rd2 Bb3 20. Nb5 Nd5 21.
Kf2 Nb6 22. Rxd8+ Rxd8 23. Bd4 Ne6 24. Be2 Bc4 25. Bxc4 Nxc4 26. Rc1 a6 27. Rxc4
axb5 28. Rb4 Rd5 29. Ke2 Kf8 30. Bb2 Ke8 31. g3 Kd7 32. a4 Kc6 33. e4 Rh5 34.
Rxb5 Rxh2+ 35. Ke3 h5 36. Bc3 g5 37. Ba5 Nc5 38. Bb4 Rc2 39. Bxc5 Rxc5 40. Rb4
f6 41. Kf2 b6 42. Rd4 Rc2+ 43. Kg1 Ra2 44. Rc4+ Kb7 45. Rd4 g4 46. f4 Kc6 47.
Rc4+ Kb7 48. Rd4 Ka6 49. Rb4 Rc2 50. Kf1 Rc5 51. Ke2 Rc2+ 52. Kf1 Rc5 53. Ke2
Ka5 54. Rd4 Rc2+ 55. Kf1 Rc3 56. Ke2 Rxg3 57. e5 fxe5 58. fxe5 Rc3 59. e6 Rc7
60. Rd5+ Kxa4 61. Rxh5 Re7 62. Re5 g3 63. Kf3 b5 64. Kxg3 b4 65. Kf4 b3 66. Kf5
b2 67. Re1 Rc7 68. Rb1 1/2-1/2

[Event "25th Czech Open A 2014"]
[Site "Pardubice CZE"]
[Date "2014.07.25"]
[Round "8.47"]
[White "Cerveny, Martin"]
[Black "Tomazini, Aljosa"]
[Result "1-0"]
[WhiteTitle "FM"]
[BlackTitle "FM"]
[WhiteElo "2375"]
[BlackElo "2283"]
[WhiteFideId "321141"]
[BlackFideId "14608154"]
[EventDate "2014.07.18"]

1. d4 Nf6 2. c4 g6 3. Nc3 d5 4. cxd5 Nxd5 5. e4 Nxc3 6. bxc3 Bg7 7. Nf3 c5 8.
Rb1 O-O 9. Be2 Nc6 10. d5 Ne5 11. Nxe5 Bxe5 12. Qd2 e6 13. f4 Bc7 14. dxe6 Bxe6
15. Rxb7 Bb6 16. Qxd8 Rfxd8 17. Be3 Bxa2 18. Kf2 Rab8 19. Rxb8 Rxb8 20. c4 Bb3
21. Rc1 Rd8 22. Rc3 Ba4 23. g4 Rd7 24. e5 Bd1 25. Rc1 Bxe2 26. Kxe2 Kf8 27. Kf3
Rd3 28. Ke4 Rb3 29. f5 Ke8 30. h4 a5 31. h5 a4 32. hxg6 hxg6 33. Ra1 a3 34. Bc1
gxf5+ 35. gxf5 a2 36. Rxa2 Rc3 37. Bg5 Kd7 38. Rd2+ Kc6 39. Rd6+ Kb7 40. e6 fxe6
41. fxe6 Rxc4+ 42. Kf5 Ra4 43. Bd8 Bxd8 44. Rxd8 Ra1 45. e7 Rf1+ 46. Kg4 1-0